Logo BPK

Biblioteka

Politechniki Koszalińskiej

VAT : (Rekord nr 54865)

Szczegóły MARC
000 -ETYKIETA REKORDU
podpole kontrolne o stałej długości 00913nam a2200277 i 4500
001 - NUMER KONTROLNY REKORDU
pole kontrolne bg
015 ## - NUMER BIBLIOGRAFII NARODOWEJ
Numer bibliografii narodowej PB 19208/2007
020 ## - MIĘDZYNARODOWY ZNORMALIZOWANY NUMER KSIĄŻKI - ISBN
ISBN 9788374836470
040 ## - ŹRÓDŁO KATALOGOWANIA
Instytucja, która utworzyła rekord BPK
041 ## - KOD JĘZYKA
Kod języka tekstu pol
044 ## - KOD KRAJU WYDAWCY/PRODUCENTA
Kod kraju wydawcy/producenta POL
080 ## - UNIWERSALNA KLASYFIKACJA DZIESIĘTNA - UKD
UKD 336.226.322(438)(094.5.072)
920 ## - Międzynarodowy znormalizowany numer książki – ISBN
ISBN 978-83-7483-647-0 :
Warunki dostępności zł 149
008 - POLE O STAŁEJ DŁUGOŚCI - DANE KONTROLNE
podpole kontrolne o stałej długości 070903s2007 pl l |001 0 pol
100 1# - NAZWA OSOBOWA
Nazwa osobowa Michalik, Tomasz.
245 10 - TYTUŁ/ODPOWIEDZIALNOŚĆ
Tytuł VAT :
Ciąg dalszy tytułu rok 2007 : komentarz /
Pozostałe elementy strefy tytułu i oznaczenia odpowiedzialności Tomasz Michalik.
250 ## - STREFA WYDANIA
Oznaczenie wydania 4. wyd., stan prawny czerwiec 2007 r.
260 ## - STREFA ADRESU WYDAWNICZEGO
Miejsce wydania Warszawa :
Nazwa wydawcy/dystrybutora Wydawnictwo C. H. Beck,
Data publikacji, dystrybucji/powstania dokumentu 2007.
300 ## - STREFA OPISU FIZYCZNEGO
Objętość XVII, [1], 984 s. ;
Rozmiary 22 cm.
490 1# - STREFA SERII I DOKUMENTU WIELOCZĘŚCIOWEGO - FORMA NIE DO WYSZUKIWANIA
Tytuł i oznaczenie odpowiedzialności serii Podatkowe Komentarze Becka
504 ## - UWAGA DOTYCZĄCA BIBLIOGRAFII
Informacje o bibliografii Bibliogr. s. XV-XVII. Indeks.
650 #9 - HASŁO PRZEDMIOTOWE W FORMIE NAZWY OGÓLNEJ LUB JEDNOSTKOWEJ
Nazwa ogólna lub geograficzna Podatek od towarów i usług
Określnik ogólny prawo
Określnik geograficzny Polska
Określnik chronologiczny stan na 2007 r.
830 ## - HASŁO DODATKOWE SERII LUB DOKUMENTU WIELOCZĘŚCIOWEGO - TYTUŁ UJEDNOLICONY
Tytuł ujednolicony Podatkowe Komentarze Becka
856 ## - LOKALIZACJA I DOSTĘP DO ELEKTRONICZNYCH DOKUMENTÓW ZDALNYCH
Link (URL) http://koha.tu.koszalin.pl/cgi-bin/koha/opac-detail.pl?biblionumber=54865
Tekst linku Katalog online BPK
942 ## - DODATKOWE ELEMENTY (KOHA)
Typ dokumentu Książka
Egzemplarze
Wycofany Status egzemplarza Uszkodzony Dostępność Lokalizacja stała Lokalizacja bieżąca Miejsce przechowywania Sygnatura Kod kreskowy Typ dokumentu
      Dostępny Biblioteka Politechniki Koszalińskiej Biblioteka Politechniki Koszalińskiej Wypożyczalnia BG 87191 02411903 Książka
© 2023 Biblioteka Politechniki Koszalińskiej :: KOHA